000 00434nam a2200181Ia 4500
001 8012
005 20260306160537.0
008 260306t2001||||xx |||||||||||||| ||spa||
041 _aESP
082 _a370.092
_bP52
100 _aPiaton, Georges
_eAUT
245 0 _aPestalozzi:
_bla confianza en el ser humano
260 _c2001
300 _a110 páginas :
_c23 cm.
650 _aGEN
654 _aCED
942 _cLIB
_dJUS
_fJUS
_2ddc
_n
999 _c8012
_d8012